000 00779cab a2200241 4500
001 ABS58735
008 090401t1998 xxu||||| |||| 00| 0 eng d
035 _a(Sirsi) u86457
041 _aeng
100 _aBrown, J.
245 _aContinuing the discontinuous?
260 _c1998
350 _a0
490 _aRent Review & Lease Renewal
_v18(2) 1998, 130-136(7)
520 _aConsiders whether discontinuous or `time-share` business leases should enjoy the protection of the Landlord and Tenant Act 1954 Part II.
650 _aBUSINESS TENANCIES
650 _aLANDLORD AND TENANT ACT 1954 PART II
650 _aLAW OF PROPERTY ACT 1925 S149(3)
690 _aLANDLORD AND TENANT-BUSINESS TENANCIES
700 _aDuddridge, R.
942 _n0
948 _c28/05/1998
999 _c54420
_d54420